000 01419nam a2200253 a 4500
008 190826s1993 ||||||||||||||||| || u
020 _a9780632034956
050 _aTL 589.4 Pal
100 _aCoyle, Shawn
245 1 0 _aAutomatic flight control. (4th edition)
_cBy E.H.J. Pallett and S. Coyle.
250 _a4th edition
260 _aCambridge, MA
_bBlackwell Science
_c1993
300 _ax, 323 pages : illustrations
350 _a79.27
500 _aIncludes index.
650 0 _aAUTOMATIC PILOT (AIRPLANES)
650 0 _aFLIGHT CONTROL
700 _aPallett, E.H.J
995 _aMAIN LIBRARY OPEN ACCESS
_e749646
_FCBU-MAIN LIBRARY (Kitwe)
_I79.27
_jTL 589.4 Pal
_M1
_UAVAILABLE
_WAug 26, 2019
_y749646
_ZMain Library Open Access Collection
995 _aMAIN LIBRARY OPEN ACCESS
_e749649
_FCBU-MAIN LIBRARY (Kitwe)
_I79.27
_jTL 589.4 Pal
_M4
_UAVAILABLE
_WAug 26, 2019
_y749649
_ZMain Library Open Access Collection
995 _aMAIN LIBRARY OPEN ACCESS
_e749647
_FCBU-MAIN LIBRARY (Kitwe)
_I79.27
_jTL 589.4 Pal
_M2
_UAVAILABLE
_WAug 26, 2019
_y749647
_ZMain Library Open Access Collection
995 _aMAIN LIBRARY OPEN ACCESS
_e749650
_FCBU-MAIN LIBRARY (Kitwe)
_I79.27
_jTL 589.4 Pal
_M5
_UAVAILABLE
_WAug 26, 2019
_y749650
_ZMain Library Open Access Collection
995 _aMAIN LIBRARY OPEN ACCESS
_e749648
_FCBU-MAIN LIBRARY (Kitwe)
_I79.27
_jTL 589.4 Pal
_M3
_UAVAILABLE
_WAug 26, 2019
_y749648
_ZMain Library Open Access Collection
999 _c84480
_d84480